=LDR 00000nam 2200000 4500 =001 INLIS000000000051005 =005 20170808015555 =035 ##$$a 0010-0817000188 =007 ta =008 170808###########################0###### =020 ##$$a 978-602-7732-84-1 =082 ##$$a 786 =084 ##$$a 786 DEN t =100 #$$a Deny Permono =245 1#$$a Teknik Maut Jago Main Drum /$c Deny Permono =250 ##$$a cet.1 =260 ##$$a Jakarta :$b Cipayung,$c 2014 =300 ##$$a vii, 112 hlm : $b ilus. ; $c 29 cm =650 ##$$a Drum =700 #$$a Agoes =990 ##$$a 91339133 =990 ##$$a 31701660